00378nam a22001337a 4500003000400000005001700004008004100021020002200062040002400084050001900108082001900127245005500146260004300201OSt20211029093748.0211029b |||||||| |||| 00| 0 eng d a978-1-84407-715-1 cHawassa University  a634.096/AFRb3 a634.096/AFRb3 aAfrican indigenous vegetables in urban agriculture aLondon bEarth Scan Publishing c2009